| 000 | 00373nam a2200145Ia 4500 | ||
|---|---|---|---|
| 008 | 230917s9999||||xx |||||||||||||| ||und|| | ||
| 040 |
_e165274 _aMAIN |
||
| 041 | _aEnglish | ||
| 082 | _a519.5 G643O | ||
| 100 | _aGun, A M | ||
| 245 | 0 | _aOutline of statistical theory.V2- Statistical inference | |
| 260 |
_aKolkata _bWorld Press _c2005 |
||
| 300 | _a676 p. | ||
| 942 | _cBK | ||
| 999 |
_c158519 _d158519 |
||